000 04644nam a2201585 i 4500
001 nkc20253678315
003 CZ PrSKC
005 20260428174733.0
007 ta
008 250325s2025 xr a e 000 0 cze
015 _acnb003678315
020 _a9788090929876
_q(brožováno)
035 _a(OCoLC)1519102224
040 _aBOA001
_bcze
_erda
043 _an-gl---
072 7 _a913(9)
_xGeografie Oceánie, polárních oblastí, Austrálie, atd.
_2Konspekt
080 _a913:910.4
_2MRF
080 _a796.51
_2MRF
080 _a796.5:625.711.8
_2MRF
080 _a913(988)
_2MRF
080 _a(988)
_2MRF
080 _a(0:82-992)
_2MRF
100 1 _aKalát, Jiří,
_d1984-
_4aut
_4pht
245 1 0 _aKomár s mrazem :
_btyhle grónské trýzně spolu nechodí /
_cJiří Kalát, Pavel Stejskal
250 _a1. vydání
264 1 _aPraha :
_bBWT books,
_c2025
300 _a256 stran :
_bilustrace (převážně barevné) ;
_c21 cm
336 _atext
_btxt
_2rdacontent
337 _abez média
_bn
_2rdamedia
338 _asvazek
_bnc
_2rdacarrier
500 _aNa hřbetu označení: ACT Grónsko
500 _aChronologický přehled
504 _aObsahuje bibliografii
520 2 _aKniha je o putování po 170 kilometrů dlouhém treku na Arctic Circle Trail, který vede z druhého největšího města Grónska, Sisimiut, do městečka Kangerlussuaq.
_bV létě zde potkáte nejvíce komárů a mušek na kilometr chůze, budete brodit ledové řeky a slunečný den se stane jen mlhavou vzpomínkou. Naopak v zimě zde teploty klesají hluboko pod nulu a krajinu zahaluje nekonečné bílo. Odměnou za veškeré nepohodlí je naprostá divočina. Pokud vás putování opravdu baví, můžete pokračovat dalších 40 km až k Russelovu ledovci. Procházka po druhém největším ledovci světa nebo usínání za zvuků praskajícího ledu jsou mimořádné zážitky, stejně jako putování samotným Grónskem. Nakladatelská anotace. Kráceno.
650 0 7 _acesty a pobyt
_zGrónsko
_2czenas
650 0 7 _atrekking
_zGrónsko
_2czenas
650 0 7 _aturistické trasy
_zGrónsko
_2czenas
650 0 9 _atravels and stays
_zGreenland
_2eczenas
650 0 9 _atrekking
_zGreenland
_2eczenas
650 0 9 _atourist trails
_zGreenland
_2eczenas
651 7 _aArctic Circle Trail (Grónsko : turistická trasa)
_2czenas
651 7 _aGrónsko
_xreálie
_2czenas
651 9 _aArctic Circle Trail (Greenland)
_2eczenas
651 9 _aGreenland
_xdescription and travel
_2eczenas
655 7 _acestopisy
_2czenas
655 9 _abooks of travels
_2eczenas
700 1 _aStejskal, Pavel,
_d1989-
_4aut
_4ill
_4pht
900 _b21
910 _aABA001
910 _aABG001
910 _aABG019
910 _aABG502
910 _aABG503
910 _aBEG001
910 _aBOA001
910 _aBOG001
910 _aBRG502
910 _aBVG001
910 _aCBA001
910 _aCHE702
910 _aCHG001
910 _aCHG501
910 _aCKG001
910 _aCLG001
910 _aCRG001
910 _aCVG001
910 _aCVG504
910 _aFMG502
910 _aFMG504
910 _aFMG508
910 _aHBG001
910 _aHKA001
910 _aHKG001
910 _aHOG001
910 _aJCG001
910 _aJHG502
910 _aJHG503
910 _aJIG001
910 _aKAG503
910 _aKAG505
910 _aKAG506
910 _aKHG001
910 _aKLG001
910 _aKLG002
910 _aKLG501
910 _aKMG001
910 _aKVG001
910 _aKVG501
910 _aLIA001
910 _aLNG001
910 _aMBG001
910 _aMOG001
910 _aNBG001
910 _aNBG505
910 _aNJG001
910 _aNJG505
910 _aOLA001
910 _aOLG001
910 _aOPG001
910 _aOSA001
910 _aPAG001
910 _aPBG001
910 _aPEG001
910 _aPIG001
910 _aPNA001
910 _aPNG001
910 _aPRG001
910 _aPRG501
910 _aPTG001
910 _aPVG001
910 _aRKG001
910 _aROG001
910 _aSMG004
910 _aSMG506
910 _aSOG001
910 _aSOG504
910 _aSUG518
910 _aSVG001
910 _aTPG001
910 _aTRG001
910 _aTUG001
910 _aTUG504
910 _aUHG001
910 _aULG001
910 _aUOG502
910 _aUOG505
910 _aUOG507
910 _aVSG001
910 _aVSG502
910 _aVYG001
910 _aZLG001
910 _aZNG001
910 _aZRG001
942 _2ddc
_cKNIHA
_n0
999 _c1888
_d1888